000 02259nam a2200373 i 4500
001 196194
003 ES-MaACL
005 20250809052538.0
008 240817s2022 sp | |||| 000 spa
015 _aMON23
017 _aM 30859-2022
_bOficina Depósito Legal Madrid
020 _a9788494309786
035 _a(SpMaBN)a7354749
035 _a991051800569708606
040 _aSpMaBN
_bspa
_cSpMaBN
_erda
100 _aAraque Vargas, Fabio Enrique
_9238482
_eaut
245 _aLos derechos humanos de los pueblos indígenas y los escenarios del conflicto armado colombiano /
_cFabio Enrique Araque Vargas .
260 _a[Madrid] :
_bBerg Institute,
_c2022.
300 _a382 pág. :
_c24 cm.
336 _aTexto
_2rdacontent
337 _asin mediación
_2rdamedia
338 _avolumen
_2rdacarrier
490 1 _aBiblioteca de derechos humanos ;
_v7
500 _aTexto en español y fragmentos en una lengua indígena de Colombia
520 _aLos pueblos y las comunidades indígenas y afrocolombianas han visto que sus territorios han sido usados, controlados, usurpados y expropiados para distintos fines. La guerra librada por el control territorial ha impedido que estas comunidades puedan ejercer la autonomía consagrada constitucionalmente y practicada ancestralmente ... la paz no debe ser entendida como la ausencia de conflictos sino como la posibilidad de tramitarlos pacíficamente, la Corte encuentra que el derecho humanitario, antes que legitimar la guerra, busca garantizar que las partes en contienda adopten las medidas para proteger a la persona humana, y en esa medida contribuyen además a fortalecer el camino hacia la paz, que en la Constitución colombiana es un derecho y un deber de obligatorio cumplimiento.
650 7 _9146702
_aPueblos indígenas-
_zAmérica
651 7 _9145305
_aColombia-
_xSituación social
830 0 _aBiblioteca de derechos humanos
_v7
_9240259
852 _aES-MaACL
_bR.154531
_cDEPOJ
_jN-9269
_hDonación: Editorial
_xEncuadernación rústica
_9205284
942 _cMONOGRAFIA
_n0
999 _c196194
_d196194